Μεθοδολογία κοινωνικών ερευνών στον αγροτικό χώρο

Αποθηκεύτηκε σε:
Λεπτομέρειες βιβλιογραφικής εγγραφής
Κύριος συγγραφέας: Δαουτόπουλος, Γεώργιος Α., 1945-
Μορφή: Βιβλίο
Γλώσσα:Greek
Δημοσίευση: Θεσσαλονίκη : 1994
Έκδοση:2η έκδ.
Θέματα:
Ετικέτες: Προσθήκη ετικέτας
Δεν υπάρχουν, Καταχωρήστε ετικέτα πρώτοι!

MARC

LEADER 00000cam a2200000 i 4500
001 1/65506
008 980824s1994 gre d
035 |l 10029645 
040 |a GR-MY-UA  |b gre  |e aacr 
041 0 |a gre 
082 0 |a 300.72 
100 1 |a Δαουτόπουλος, Γεώργιος Α.,  |d 1945- 
245 1 0 |a Μεθοδολογία κοινωνικών ερευνών στον αγροτικό χώρο /  |c Γεώργιος Α. Δαουτόπουλος 
250 |a 2η έκδ. 
260 |a Θεσσαλονίκη :   |c 1994 
300 |a 287 σ. 
500 |a Περιλαμβάνει παραρτήματα 
650 0 0 |a Agriculture  |x Social aspects. 
852 |a INST  |b CHIOS  |e 19980824  |h 306.349 ΔΑΟ  |p 005200015809  |q 005200015809  |t BK  |y 0 
852 |a INST  |b LESVOS  |e 20000209  |h 300.72 ΔΑΟ  |p 005100021925  |q 005100021925  |t BK  |y 0 
852 |a INST  |b RHODES  |e 19991111  |h 306.349 ΔΑΟ  |p 005400014322  |q 005400014322  |t BK  |y 0 
852 |a INST  |b RHODES  |e 20030723  |h 306.349 ΔΑΟ  |p 005400020444  |q 005400020444  |t BK  |y 0 
901 |a BIBL-1998-2 
901 |a BIBL4-1999-3 
901 |a BIBL1-2000-1 
909 |a Χ  |b 058741 
909 |a Ρ  |b 064394 
909 |a Λ  |b 068528 
909 |a Ρ  |b 101860 
922 |a 2ΕΛΗ  |b 199807  |c ΣΤΟΓΙΑΝΝΙΔΟΥ  |d EMVASIS 
922 |a 4ΔΩΡ  |b 199911  |c ΔΩΡΕΑ 
950 |a 054-1995-02-23 
970 |a ΚΟΥΛΑΚΙΟΤΗ  |b ΛΙΤΣΑ  |z 1999/11/11